00530nam a22001337a 450000500170000000800410001705000230005810000220008124501260010326000910022930000400032052100150036065000210037520150202151404.0150202b xxu||||| |||| 00| 0 eng d aBF 697b.P662 2014 aPiol, Angelica F. aFactors affecting self-awareness of badminton players at Matchplay Badminto Center and Training Camp /cAngelica E. Piol. aPhilippines, Las Piñas City :bSouthville International School and Colleges,cc2014. a47 pages :billustrations ;c28 cm. aPsychology aSelf-perception.